000
00237nam a2200085Ia 4500
245
0
_a
Language, power and society
100
_a
Moto, Francis P. B. Pretoria, 2009
_9
85659
942
_c
BK
008
210817s9999 xx 000 0 und d
999
_c
321100
_d
321099